zpět

Detail výsledku týmu

Fun Bar HK, Hradec Králové

Datum a čas kvízu

21 Celkem bodů Celkový počet nahraných bodů na tomto kvízu bez doplňovacích otázek.
5. Pořadí na kvízu Konečné umístění týmu na tomto kvízu.

Zaznamenané odpovědi

# Otázka Odpověď Body Výsledky
1. Aktuální popularity čínské zub... Jana Maláčová 0
2. Kontroverzní projekt výstavby... C) penis 1
3. O víkendu byla zakončena série... pod Bezdězem 0
4. Ve čtvrtek sjel z výrobní link... Švédsko 0
5. Ve středu byl ve čtyřech evrop... v basketbalu 1
6. Jak se nazývá věda, která se z... adiktologie 1
7. Na čem je závislý člověk, kter... na internetu a digitálních technologiích 1
8. Na fotografii vidíte asi nejzn... Katka, Helena Třeštíková 1
9. Při léčbě některých závislostí... C 0
10. Téma zakončíme u knih. Všechny... 1C 2B 3A 4D 1